000
00289nam a2200109Ia 4500
008
190216s9999||||xx |||||||||||||| ||und||
100
_a
Smullyan Dietrachson Keys Miller
245
3
_a
An Introduction To Phyiology
260
_b
Prentice Hall India
650
_a
English General
942
_c
BK
999
_c
11598
_d
11598